[Event "Moscow-ch op Superfinal"]
[Site "Ershovo"]
[Date "2024.02.29"]
[Round "9"]
[White "Popov, Tikhon"]
[Black "Melnikov, Fedor"]
[Result "1-0"]
[WhiteElo "2138"]
[BlackElo "1985"]
[PlyCount "105"]
[EventDate "2024.02.23"]
[EventType "swiss"]
[EventRounds "10"]
[EventCountry "RUS"]
[SourceTitle "CB10_2024"]
[SourceDate "2024.03.06"]
[SourceVersion "1"]
[SourceVersionDate "2024.03.06"]
[SourceQuality "1"]

1. e4 e5 2. Nf3 Nc6 3. Bb5 a6 4. Ba4 Nf6 5. 0-0 b5 6. Bb3 Bc5 7. c3 d6 8. d4 Bb6 9. Bg5 h6 10. Bh4 g5 11. Bg3 0-0 12. dxe5 dxe5 13. Nbd2 Re8 14. a4 Rb8 15. axb5 axb5 16. h3 Qd3 17. Bc2 Qd6 18. Qe2 Nh5 19. Kh2 g4 20. hxg4 Bxg4 21. Rfe1 Rbd8 22. Nf1 Qg6 23. Rad1 Rxd1 24. Bxd1 Nf4 25. Qc2 Qh5+ 26. Nh4 Rd8 27. Bxg4 Qxg4 28. Nf5 Qh5+ 29. Bh4 Rd7 30. N1g3 Qg6 31. Ra1 Kh7 32. b4 Qe6 33. Ra8 Qg6 34. Rf8 Nd3 35. Qe2 Bxf2 36. Qf3 Bxg3+ 37. Bxg3 Nf4 38. Bxf4 exf4 39. Qxf4 Qh5+ 40. Kg3 Rd3+ 41. Kf2 Rxc3 42. Qd2 Rb3 43. Qc2 Nd4 44. Nxd4 Qh4+ 45. Ke2 Qg4+ 46. Kf1 Qf4+ 47. Nf3 Rxb4 48. Qc3 Rxe4 49. Rh8+ Kg6 50. Rg8+ Kf5 51. g4+ Qxg4 52. Rxg4 Kxg4 53. Kf2 1-0

[Event "Moscow-ch op Superfinal"]
[Site "Ershovo"]
[Date "2024.02.26"]
[Round "6"]
[White "Popov, Tikhon"]
[Black "Sklokin, Sergey"]
[Result "0-1"]
[WhiteElo "2138"]
[BlackElo "1870"]
[PlyCount "86"]
[EventDate "2024.02.23"]
[EventType "swiss"]
[EventRounds "10"]
[EventCountry "RUS"]
[SourceTitle "CB10_2024"]
[SourceDate "2024.03.06"]
[SourceVersion "1"]
[SourceVersionDate "2024.03.06"]
[SourceQuality "1"]

1. Nf3 d5 2. g3 Nf6 3. Bg2 g6 4. 0-0 Bg7 5. d4 0-0 6. c4 c6 7. cxd5 cxd5 8. Ne5 Nc6 9. Nxc6 bxc6 10. Nc3 a5 11. Re1 Ba6 12. Bg5 h6 13. Bd2 Nd7 14. Be3 Re8 15. Rc1 e5 16. dxe5 Nxe5 17. Bc5 Rb8 18. Na4 Bb5 19. b3 Nd7 20. Bd6 Rc8 21. Bf4 Bxa4 22. bxa4 Nb6 23. Bh3 f5 24. Qb3 Re4 25. Rb1 Nxa4 26. Bd2 Rc4 27. Qe3 Nc5 28. Qa3 Ne4 29. Bxa5 Qd7 30. Bb6 Nc3 31. Rb3 Ra4 32. Qc1 d4 33. Rb2 c5 34. Bg2 Qe6 35. e4 fxe4 36. Bf1 Rc6 37. Bd8 Ra8 38. Bh4 g5 39. Bxg5 hxg5 40. Qxg5 c4 41. Rb7 Qf6 42. Qg4 Rf8 43. f4 d3 0-1

[Event "Moscow-ch op Superfinal"]
[Site "Ershovo"]
[Date "2024.02.24"]
[Round "3"]
[White "Remizov, Yaroslav"]
[Black "Popov, Tikhon"]
[Result "1/2-1/2"]
[WhiteElo "2446"]
[BlackElo "2138"]
[PlyCount "57"]
[EventDate "2024.02.23"]
[EventType "swiss"]
[EventRounds "10"]
[EventCountry "RUS"]
[SourceTitle "CB10_2024"]
[SourceDate "2024.03.06"]
[SourceVersion "1"]
[SourceVersionDate "2024.03.06"]
[SourceQuality "1"]

1. e4 e5 2. Nf3 Nf6 3. Nxe5 d6 4. Nf3 Nxe4 5. d3 Nf6 6. d4 d5 7. Bd3 Be7 8. 0-0 0-0 9. Re1 Bg4 10. Nbd2 Re8 11. Nf1 Bf8 12. Be3 Nc6 13. Ng3 Nb4 14. Be2 Bd6 15. c3 Nc6 16. Qb3 Na5 17. Qa4 Nc6 18. Bg5 Rb8 19. h3 Bxg3 20. fxg3 Bh5 21. Bb5 Bxf3 22. gxf3 Rxe1+ 23. Rxe1 h6 24. Bc1 Qd7 25. Bxc6 Qxh3 26. Bf4 bxc6 27. b4 Nh5 28. Bxc7 Rc8 29. Qxc6 1/2-1/2

[Event "Moscow-ch op Superfinal"]
[Site "Ershovo"]
[Date "2024.02.23"]
[Round "1"]
[White "Lintchevski, Daniil"]
[Black "Popov, Tikhon"]
[Result "1-0"]
[WhiteElo "2540"]
[BlackElo "2138"]
[PlyCount "91"]
[EventDate "2024.02.23"]
[EventType "swiss"]
[EventRounds "10"]
[EventCountry "RUS"]
[SourceTitle "CB10_2024"]
[SourceDate "2024.03.06"]
[SourceVersion "1"]
[SourceVersionDate "2024.03.06"]
[SourceQuality "1"]

1. Nf3 d5 2. d4 Nf6 3. c3 c6 4. Qc2 g6 5. h3 Bf5 6. Qb3 Qb6 7. Bf4 Bg7 8. Nbd2 h5 9. e3 Ne4 10. Nxe4 Bxe4 11. Nd2 Bf5 12. c4 Nd7 13. cxd5 cxd5 14. Rc1 0-0 15. Be2 e5 16. dxe5 Nxe5 17. 0-0 Qxb3 18. Nxb3 Nd3 19. Bxd3 Bxd3 20. Rfd1 Bc4 21. Nd4 Bxd4 22. Rxd4 Bxa2 23. Rc7 b5 24. Bd6 Rfd8 25. Be5 Re8 26. Bf6 Re4 27. b4 Bc4 28. g4 Re6 29. Rf4 Re4 30. Kg2 Rxf4 31. exf4 h4 32. Rd7 a6 33. Bxh4 Kg7 34. Rd6 a5 35. Bf6+ Kh7 36. bxa5 d4 37. Rxd4 Rxa5 38. Kh2 Ra8 39. f5 Be2 40. fxg6+ Kxg6 41. Rd6 Kh7 42. Bd4 Bd3 43. h4 Rg8 44. g5 Rg6 45. Bf6 Bf5 46. Rd5 1-0

[Event "Minsk op"]
[Site "Minsk"]
[Date "2023.11.09"]
[Round "7"]
[White "Popov, Tikhon"]
[Black "Kekelidze, Mikheil"]
[Result "0-1"]
[WhiteElo "2096"]
[BlackElo "2340"]
[PlyCount "126"]
[EventDate "2023.11.03"]
[EventType "swiss"]
[EventRounds "9"]
[EventCountry "BLR"]
[SourceTitle "CB46_2023"]
[SourceDate "2023.11.15"]
[SourceVersion "1"]
[SourceVersionDate "2023.11.15"]
[SourceQuality "1"]

1. e4 c5 2. Nf3 e6 3. d4 cxd4 4. Nxd4 a6 5. Bd3 Ne7 6. 0-0 Nbc6 7. Nxc6 Nxc6 8. Nc3 b5 9. Be3 Bb7 10. f4 Be7 11. Qh5 g6 12. Qh6 Bf8 13. Qh3 Bg7 14. e5 d5 15. Bc5 Rc8 16. Bd6 h5 17. Bxg6 fxg6 18. Qxe6+ Ne7 19. f5 Qd7 20. Qxd7+ Kxd7 21. f6 Bh6 22. Bxe7 Be3+ 23. Kh1 d4 24. Rae1 Ke6 25. Rxe3 dxe3 26. Bd6 Kf7 27. Re1 Rc4 28. Rxe3 Rhc8 29. a3 a5 30. Be7 Ke6 31. h3 Rf4 32. Kg1 Bc6 33. Ne2 Re4 34. Rxe4 Bxe4 35. c3 Kd7 36. Nd4 Bd5 37. Nxb5 Rb8 38. a4 Bc4 39. Bd6 Rb7 40. b4 Bxb5 41. axb5 Ke6 42. bxa5 Rxb5 43. c4 Rxa5 44. c5 Ra1+ 45. Kf2 Rc1 46. Ke3 g5 47. Kd3 h4 48. Be7 Kf7 49. Bd6 Ke6 50. Ke3 Rc3+ 51. Ke2 Kf7 52. Kd2 Rc4 53. Kd3 Rc1 54. Ke4 Ke6 55. f7 Re1+ 56. Kd4 Kxf7 57. Kd5 Rd1+ 58. Kc6 Ke6 59. Kc7 Rd2 60. c6 Rxg2 61. Bc5 g4 62. hxg4 h3 63. Kb7 Rb2+ 0-1

[Event "Minsk op"]
[Site "Minsk"]
[Date "2023.11.07"]
[Round "5"]
[White "Popov, Tikhon"]
[Black "Timoshenko, Anton"]
[Result "1-0"]
[WhiteElo "2096"]
[BlackElo "1796"]
[PlyCount "59"]
[EventDate "2023.11.03"]
[EventType "swiss"]
[EventRounds "9"]
[EventCountry "BLR"]
[SourceTitle "CB46_2023"]
[SourceDate "2023.11.15"]
[SourceVersion "1"]
[SourceVersionDate "2023.11.15"]
[SourceQuality "1"]

1. e4 c5 2. Nf3 d6 3. Bb5+ Bd7 4. Bxd7+ Nxd7 5. 0-0 Ngf6 6. Re1 e6 7. c3 Be7 8. d4 cxd4 9. cxd4 0-0 10. Nc3 a6 11. e5 Ne8 12. Re4 b5 13. a3 Rc8 14. h4 Nb6 15. Qe2 Nc7 16. Rg4 f5 17. exf6 Bxf6 18. Ne4 Qd7 19. Bh6 Ne8 20. Nxf6+ Rxf6 21. Bg5 Rf8 22. Re1 Nc7 23. Bh6 Rf7 24. Qe4 Re7 25. Ng5 g6 26. Nxh7 Kxh7 27. Qxg6+ Kh8 28. Bf8 Rxf8 29. Qh6+ Rh7 30. Qxf8# 1-0

[Event "Minsk op"]
[Site "Minsk"]
[Date "2023.11.06"]
[Round "4"]
[White "Piatrenka, Ivan"]
[Black "Popov, Tikhon"]
[Result "0-1"]
[WhiteElo "1742"]
[BlackElo "2096"]
[PlyCount "106"]
[EventDate "2023.11.03"]
[EventType "swiss"]
[EventRounds "9"]
[EventCountry "BLR"]
[SourceTitle "CB46_2023"]
[SourceDate "2023.11.15"]
[SourceVersion "1"]
[SourceVersionDate "2023.11.15"]
[SourceQuality "1"]

1. d4 Nf6 2. c4 c5 3. Nf3 cxd4 4. Nxd4 Nc6 5. Nc3 d6 6. e4 g6 7. Be2 Bg7 8. Be3 0-0 9. 0-0 a6 10. f3 Nxd4 11. Bxd4 Be6 12. Qd2 Rc8 13. b3 Nd7 14. Bxg7 Kxg7 15. f4 f6 16. Rac1 Qa5 17. Qb2 Rb8 18. b4 Qd8 19. Kh1 Rc8 20. Nd5 Bf7 21. Bg4 e6 22. Ne3 Qe7 23. Rfd1 Rcd8 24. Re1 Rfe8 25. Qf2 Nb8 26. a3 Qf8 27. Qg3 Kh8 28. Qh4 Qg7 29. Bf3 Nc6 30. Red1 e5 31. Ng4 g5 32. fxg5 fxg5 33. Qg3 Be6 34. Ne3 Nd4 35. Bg4 Bxg4 36. Qxg4 Rf8 37. Rf1 Rf4 38. Rxf4 gxf4 39. Qxg7+ Kxg7 40. Nc2 Ne6 41. Rd1 Kf6 42. h4 Ke7 43. Ne1 Re8 44. Rc1 b5 45. c5 dxc5 46. Nd3 Kd6 47. bxc5+ Nxc5 48. Nb4 Rg8 49. Rd1+ Ke6 50. Rc1 Nxe4 51. Nxa6 Rg4 52. Nc7+ Kf5 53. Nxb5 Ng3+ 0-1

[Event "Minsk op"]
[Site "Minsk"]
[Date "2023.11.04"]
[Round "2"]
[White "Dorashava, Viktoryia"]
[Black "Popov, Tikhon"]
[Result "0-1"]
[WhiteElo "1567"]
[BlackElo "2096"]
[PlyCount "88"]
[EventDate "2023.11.03"]
[EventType "swiss"]
[EventRounds "9"]
[EventCountry "BLR"]
[SourceTitle "CB46_2023"]
[SourceDate "2023.11.15"]
[SourceVersion "1"]
[SourceVersionDate "2023.11.15"]
[SourceQuality "1"]

1. d4 Nf6 2. c4 e6 3. Nc3 Bb4 4. f3 c5 5. a3 Bxc3+ 6. bxc3 Nc6 7. e4 d6 8. h4 b6 9. Ne2 Na5 10. g4 Ba6 11. Ng3 Qc7 12. d5 0-0-0 13. Kf2 Bxc4 14. Bxc4 Nxc4 15. Qa4 exd5 16. exd5 Ne5 17. c4 Qd7 18. Qc2 h6 19. a4 Rde8 20. Ra3 Kc7 21. a5 b5 22. cxb5 Qxb5 23. Nf5 c4 24. Rd1 Rb8 25. Ra4 Qb3 26. Qxb3 Rxb3 27. f4 Nexg4+ 28. Kg2 Rc3 29. Kg1 Kd7 30. Bd2 Rd3 31. Rxc4 Rxd5 32. Nd4 Ne4 33. Bc1 Ng3 34. Kg2 Nf5 35. Kf3 Nf6 36. Rd2 Nxh4+ 37. Ke2 Re8+ 38. Kd1 Ne4 39. Rb2 Nc5 40. Kc2 Nf5 41. Nb5 Re2+ 42. Kb1 Rxb2+ 43. Bxb2 a6 44. Nc3 Rd3 0-1

[Event "RUS-chT Blitz"]
[Site "Sochi"]
[Date "2023.10.17"]
[Round "13.10"]
[White "Smirnov, Pavel"]
[Black "Popov, Tikhon"]
[Result "1/2-1/2"]
[WhiteElo "2538"]
[BlackElo "2067"]
[PlyCount "81"]
[EventDate "2023.10.17"]
[EventType "team-swiss (blitz)"]
[EventRounds "13"]
[EventCountry "RUS"]
[SourceTitle "Mega2024 Update 01"]
[Source "Chessbase"]
[SourceDate "2023.11.12"]
[SourceVersion "1"]
[SourceVersionDate "2023.11.12"]
[SourceQuality "1"]
[WhiteTeam "Moscow Region Kuban"]
[BlackTeam "Krasnodarsk Region TEMA"]
[WhiteTeamCountry "RUS"]
[BlackTeamCountry "RUS"]

1. d4 Nf6 2. c4 c5 3. d5 b5 4. cxb5 a6 5. e3 e6 6. Nc3 exd5 7. Nxd5 Bb7 8. Nxf6+ Qxf6 9. Nf3 Be7 10. Bc4 0-0 11. 0-0 axb5 12. Bxb5 d5 13. a4 Rd8 14. Bd2 Nc6 15. Rc1 d4 16. e4 Ne5 17. Nxe5 Qxe5 18. Re1 h6 19. f4 Qc7 20. Bc4 Ba6 21. b4 Bxc4 22. Rxc4 d3 23. Be3 Qb7 24. b5 Ra5 25. Bd2 Raa8 26. Bc3 Qd7 27. f5 f6 28. Qf3 Bd6 29. Bd2 Be5 30. Rec1 Qf7 31. Qd1 Rd4 32. Rxd4 Bxd4+ 33. Kh1 Qa2 34. a5 c4 35. a6 Rb8 36. Bf4 Rxb5 37. Qh5 Qxa6 38. Qe8+ Kh7 39. Qg6+ Kg8 40. Bxh6 Qb7 41. Qe8+ 1/2-1/2

[Event "Sochi Pearl Rapid op"]
[Site "Sochi"]
[Date "2023.10.09"]
[Round "1"]
[White "Popov, Tikhon"]
[Black "Savchenko, Boris"]
[Result "0-1"]
[WhiteElo "2067"]
[BlackElo "2513"]
[PlyCount "64"]
[EventDate "2023.10.09"]
[EventType "swiss (rapid)"]
[EventRounds "11"]
[EventCountry "RUS"]
[SourceTitle "Mega2024 Update 01"]
[Source "Chessbase"]
[SourceDate "2023.11.12"]
[SourceVersion "1"]
[SourceVersionDate "2023.11.12"]
[SourceQuality "1"]

1. e4 c5 2. Nf3 d6 3. d4 cxd4 4. Nxd4 Nf6 5. Nc3 a6 6. h3 e6 7. g4 h6 8. Bg2 Nc6 9. Be3 Qc7 10. 0-0 g5 11. Nxc6 bxc6 12. e5 dxe5 13. Qf3 Nd5 14. Ne4 Be7 15. c4 Nf4 16. Bxf4 gxf4 17. Nf6+ Kf8 18. Qxc6 Qxc6 19. Bxc6 Rb8 20. Nd7+ Bxd7 21. Bxd7 Rxb2 22. Rfb1 Rc2 23. Rc1 Rxc1+ 24. Rxc1 Bc5 25. Bc6 Ke7 26. Rb1 Rc8 27. Rb7+ Kf6 28. Bd7 Rd8 29. Kg2 e4 30. h4 f3+ 31. Kg3 Ke5 32. h5 f5 0-1

[Event "Cheliabinsk Lozovatsky Memorial-A"]
[Site "Cheliabinsk"]
[Date "2023.02.03"]
[Round "8"]
[White "Popov, Tikhon"]
[Black "Tarasov, Yaroslav"]
[Result "0-1"]
[WhiteElo "2113"]
[BlackElo "2195"]
[PlyCount "120"]
[EventDate "2023.01.27"]
[EventType "swiss"]
[EventRounds "10"]
[EventCountry "RUS"]
[SourceTitle "CBM 212 Extra"]
[Source "ChessBase"]
[SourceDate "2023.03.31"]
[SourceVersion "1"]
[SourceVersionDate "2023.03.31"]
[SourceQuality "1"]

1. d4 Nf6 2. Nc3 d5 3. Bf4 a6 4. e3 e6 5. Nf3 b5 6. Be2 Bb7 7. 0-0 c5 8. Ne5 Bd6 9. Nb1 0-0 10. c3 Qe7 11. Bg5 Qc7 12. Bxf6 gxf6 13. Ng4 f5 14. Nf6+ Kh8 15. f4 Qe7 16. Nh5 Nc6 17. Rf3 f6 18. Ng3 c4 19. Nd2 b4 20. Qc2 a5 21. Rff1 Na7 22. Bf3 Nb5 23. Nb1 Rab8 24. a4 b3 25. Qf2 Na7 26. Re1 Bc6 27. Ne2 Nc8 28. h3 Nb6 29. g4 Qd7 30. Ng3 Nxa4 31. Re2 Ra8 32. Kh1 Nb6 33. Bg2 a4 34. Na3 Nc8 35. gxf5 exf5 36. Nf1 Na7 37. Nd2 Bxa3 38. Rxa3 Nb5 39. Nb1 Nxa3 40. Nxa3 Rae8 41. Qh4 Re7 42. Kg1 Qe8 43. Kf2 Rg7 44. Bf3 Qg6 45. Re1 Qe8 46. Re2 Qe6 47. Re1 Rfg8 48. Rf1 Rg3 49. Qxg3 Rxg3 50. Kxg3 Qxe3 51. Rf2 Be8 52. Re2 Qg1+ 53. Rg2 Qe1+ 54. Rf2 Bf7 55. Kg2 Qe3 56. Kg3 Bh5 57. Nb5 Bxf3 58. Rxf3 Qg1+ 59. Kh4 Qe1+ 60. Rg3 Qf2 0-1

[Event "Cheliabinsk Lozovatsky Memorial-A"]
[Site "Cheliabinsk"]
[Date "2023.01.30"]
[Round "4"]
[White "Popov, Tikhon"]
[Black "Maneluk, Daniil"]
[Result "0-1"]
[WhiteElo "2113"]
[BlackElo "2306"]
[PlyCount "72"]
[EventDate "2023.01.27"]
[EventType "swiss"]
[EventRounds "10"]
[EventCountry "RUS"]
[SourceTitle "CBM 212 Extra"]
[Source "ChessBase"]
[SourceDate "2023.03.31"]
[SourceVersion "1"]
[SourceVersionDate "2023.03.31"]
[SourceQuality "1"]

1. e4 c5 2. Nf3 d6 3. d4 cxd4 4. Nxd4 Nf6 5. Nc3 a6 6. h3 e5 7. Nde2 h5 8. Bg5 Be7 9. Ng3 h4 10. Nf5 Bxf5 11. exf5 Nbd7 12. Bc4 Rc8 13. Bb3 Rh5 14. Bxf6 Nxf6 15. Qd3 Rc5 16. 0-0-0 Qd7 17. Ne4 Nxe4 18. Qxe4 Rxf5 19. g4 Rf4 20. Qh7 Qc6 21. Qd3 Rxf2 22. Rhe1 a5 23. a4 Qf3 24. Kb1 Qxd3 25. Rxd3 g6 26. c3 Kd7 27. Rdd1 f5 28. Rf1 Rxf1 29. Rxf1 e4 30. Bf7 fxg4 31. Bxg6 e3 32. hxg4 Re5 33. Kc2 e2 34. Re1 h3 35. Kd3 h2 36. Be4 Rxe4 0-1